000 00696nam a2200241 a 4500
005 20240920063946.0
008 081109s2000 mx r 000 0 spa d
020 _a1851842993
035 _aUPN01000165923
049 _aUNE
080 _a374.7 (410) =20 "2000" HIL
100 1 _aHillage, J
245 1 0 _aAdult learning in England: A review /
_cby J. Hillage; T. Uden; F. Aldridge; J. Eccles.
260 _aGreat Britain :
_bIES,
_c2000.
300 _a117 p. ;
_bil.
440 0 _aIES Report ;
_v369.
690 _aEducación de adultos
_9956
690 _aReino Unido
700 1 _aAldridge, F., coaut
710 2 _aEccles, J., coaut
711 2 _aUden, T., coaut
905 _aUNESCO
999 _c138035
_d138035